लोड हो रहा है...

Heredity and social progress /

ग्रंथसूची विवरण
मुख्य लेखक: Patten, Simon N.
भाषा:Undetermined
प्रकाशित: New York : Macmillian ,
LEADER 00396nam a2200121Ia 4500
001 164937
008 170722s9999 xx 000 0 und d
100 |a Patten, Simon N. 
245 |a Heredity and social progress / 
260 |a New York :  |b Macmillian , 
942 |c GEN 
999 |c 157508  |d 157508 
952 |0 0  |1 0  |4 0  |6 Y_G61_D3  |7 0  |8 LC1  |9 220855  |a LIB  |b LIB  |d 2017-08-12  |h LC1  |o Y:(G:61) D3  |p A1802  |r 2017-08-12  |w 2017-08-12  |y GEN